| 000 | 00477nam a22001577a 4500 | ||
|---|---|---|---|
| 003 | SGT | ||
| 020 | _a8178810832 | ||
| 082 | _a658.3,MUK | ||
| 100 | _aMUKUND,A | ||
| 245 | _aCASE STUDY HUMAN RESOURCE MANAGEMENT | ||
| 260 |
_aICFAI UNIVERSITY _bICFAI UNIVERSITY _c2003 |
||
| 300 | _a180 | ||
| 650 | _aMANAGEMENT | ||
| 653 | _aCHANGE MANAGEMENT @ ICICI,HP AT CULTURAL CROSSROADS, HR RESTRUCTURING- THE COCA-COLA & DABUR WAY, INDIAN AIRLINES- HR PROBLEMS | ||
| 942 |
_2ddc _cFCM |
||
| 999 |
_c8853 _d8853 |
||